000 00260nam a2200097 a 4500
005 20200930070210.0
008 110825s1915 000 spa d
245 3 _aLa blenorragia en la mujer. su tratamiento.
260 _aSanto Domingo,
_c1915.
999 _c32843
_d32843
040 _aDO-SdBNP